| 000 | 00783nam a22002417a 4500 | ||
|---|---|---|---|
| 003 | OSt | ||
| 005 | 20250829195837.0 | ||
| 008 | 250829b |||||||| |||| 00| 0 sp d | ||
| 040 |
_acunsuroc _besp _canacap |
||
| 082 |
_21ed _a339.31 C351 |
||
| 100 |
_aCastiglia, Miguel _915123 |
||
| 245 |
_aSector informal urbano su contribución al producto _cCastiglia, Miguel |
||
| 250 | _a1ed | ||
| 260 |
_aSan José, Costa Rica: _bFLACSO, _c1994 |
||
| 300 |
_a62p. _c; 21cm. |
||
| 365 |
_b1 _d14.99 _jcr |
||
| 490 | _aCuaderno de ciencias Sociales, no. 73 | ||
| 650 | _2Sector informal economía | ||
| 650 | _2Producto bruto interno | ||
| 700 |
_aMartínez, Daniel, coaut _915124 |
||
| 700 |
_aMezzera, Jaime, coaut _915125 |
||
| 942 |
_2ddc _cBK _e1ed _h339.31 C351 _n0 |
||
| 999 |
_c6453 _d6453 |
||